Geography of Alabama - Statistics

General Stats
  • This quiz has been taken 44 times
  • The average score is 17 of 20
Answer Stats
Hint Answer % Correct
What religious "belt" is Alabama part of? {Bible} Belt
100%
What are the five largest cities in Alabama? Birmingham
100%
On what gulf does Alabama have a short coast in the south? Gulf of Mexico
100%
What are the five largest cities in Alabama? Montgomery
97%
What is the largest Christian denomination in Alabama? Southern Baptist
97%
What long mountain range starts in central Alabama? Appalachian
95%
What are the five largest cities in Alabama? Mobile
95%
What are the five largest cities in Alabama? Huntsville
92%
In what city did the civil rights marches to the state capital begin? Selma
89%
What are the five largest cities in Alabama? Tuscaloosa
89%
What is Alabama's nickname that refers to its significance in the South? Heart of {Dixie}
84%
What university is home to the Tigers? Auburn
82%
What major river flows through northern Alabama? Tennessee
79%
What are the sports teams at the University of Alabama called? Crimson Tide
76%
What is the state nut of Alabama? Pecan
76%
What is the name of a NASCAR superspeedway and national forest in Alabama? Talladega
68%
What river forms much of the border between Alabama and Georgia? Chattahoochee
66%
What vine, native to East Asia, "ate" Alabama and other Southern states? Kudzu
63%
What is the state bird of Alabama, also known as the northern flicker? {Yellow}hammer
63%
What city in Georgia is the neighbor of Phenix City, Alabama? Columbus
61%
No matching quizzes found
Score Distribution
Percent of People with Each Score
Percentile by Number Answered
Your Score History
You have not taken this quiz